Polročné prírastky.
Uložené v:
| Nový názov: | Prírastky za ... |
|---|---|
| Médium: | Časopis |
| Jazyk: | Slovak |
| Vydané: |
Humenné :
Okresná knižnica,
[1972]-1973.
|
| Tagy: |
Pridať tag
Žiadne tagy, Buďte prvý kto otaguje tento záznam!
|
Titul je dostupný aj v ... 

MARC
| LEADER | 00000nas a2200000 a 4500 | ||
|---|---|---|---|
| 001 | 000305607 | ||
| 003 | SVKK | ||
| 005 | 20231013112721.0 | ||
| 008 | 040712d19721973xo r|p||| |0 a0slo | ||
| 040 | |a KE001 |b slo |e AACR2 | ||
| 041 | 0 | |a slo | |
| 044 | |a xo |c SK | ||
| 245 | 0 | 0 | |a Polročné prírastky. |
| 260 | |a Humenné : |b Okresná knižnica, |c [1972]-1973. | ||
| 310 | |a 2x ročne | ||
| 362 | 0 | |a [(1972), č. 1] - (1973), č. 2 | |
| 785 | 0 | 0 | |t Prírastky za ... |
| 910 | |a KE001 |b C.4784 | ||
| 998 | |a SE | ||
| 090 | |g CASOS |k Sklad Zvonárska 19 |a C.4784 |j 00000 |i 2721029632 |4 Silne poškodené |s Vyradená | ||
| 090 | |g CASOS |k Sklad Zvonárska 19 |a C.4784 |j 00000 |i 2721029633 |4 Silne poškodené |s Vyradená | ||